Personnages de la skibidi tentafruits - Statistiques

Statistiques générales
  • Ce quiz a été pris 254 fois
    195 depuis la dernière actualisation
  • Le résultat moyen est 14 sur 20
Statistiques - réponses
Hint Réponse % Correct
Fraisita
93%
Tentatrice Cerisa
92%
Présentatrice Poirita
91%
Pomita
88%
Pomito
88%
Fraisio
87%
Myrtilla
86%
Bananella
85%
Myrtillo
85%
Banano
84%
Tentateur Citronello
79%
Tentateur Pastequo
77%
Tentateur Maronito
71%
Tentatrice Kiwina
70%
Tentateur Cocotier
58%
Tentatrice Lichita
55%
Mandarino
49%
Tentateur Raisino
48%
Tentateur Prunello
42%
Tentatrice Mandarina
20%
Aucun quiz correspondant
Distribution des résultats
% des personnes avec chaque résultat
Percentile par nombre de réponses
Votre historique - résultats
Vous n’avez pas pris ce quiz depuis la dernière actualisation